Statystyki dla Kadra Tunezji na mundial 2022

Kliknij tutaj aby rozwiązać quiz!

Ogólne statystyki

  • Ten quiz został rozwiązany 9 razy
  • Średni wynik to 10 z 26

Statystyki odpowiedzi

PozycjaZawodnik% Poprawnych
NapastnikIssam Jebali
83%
NapastnikWahbi Khazri
83%
PomocnikElyas Skhiri
67%
ObrońcaAli Abdi
50%
BramkarzBechir Ben Said
50%
ObrońcaDylan Bronn
50%
NapastnikSeifeddine Jaziri
50%
PomocnikAissa Laidouni
33%
ObrońcaAli Maaloul
33%
NapastnikAnis Ben Slimane
33%
BramkarzAymen Dahmen
33%
BramkarzAymen Mathlouthi
33%
ObrońcaBilel Ifa
33%
PomocnikFerjani Sassi
33%
PomocnikHannibal Mejbri
33%
PomocnikMohamed Ali Ben Romdhane
33%
ObrońcaMohamed Drager
33%
ObrońcaMontassar Talbi
33%
BramkarzMouez Hassen
33%
ObrońcaNader Ghandri
33%
NapastnikNaim Sliti
33%
NapastnikTaha Yassine Khenissi
33%
ObrońcaWajdi Kechrida
33%
ObrońcaYassine Meriah
33%
PomocnikGhaylane Chaalali
17%
NapastnikYoussef Msakni
17%

Rozkład punktacji

Percentyl według liczby udzielonych odpowiedzi

Procent ludzi z każdym wynikiem

Twoja historia wyników

Nie rozwiązałeś tego quizu